000
00364nam a22001577a 4500
003
MPLRDC
005
20220104124820.0
008
210129b ||||| |||| 00| 0 eng d
082
_a
857.9 LYS-6 v.11
100
_a
梁羽生著
245
_a
风云雷电. 十一
_c
260
_a
_b
伟青书店
_c
300
_b
平
650
_a
942
_c
BK
_o
857.9 LYS-6 v.11
999
_c
22373
_d
22363